000 01663nab a22002537a 4500
999 _c6519
_d6519
003 OSt
005 20260219103207.0
008 190429b xxu||||| |||| 00| 0 spa d
040 _cPJ
100 _97123
_aFerraresi, Laura
245 1 0 _aPrisión domiciliaria e interés superior del niño :
_b¿es posible un análisis razonable y equilibrado para su concesión o su rechazo? /
_cLaura Ferraresi.
260 _cCiudad Autónoma de Buenos Aires :
_aThomson Reuters La Ley,
_b2024.
300 _ap. 231-240
500 _aCita: TR LALEY AR/DOC/1410/2024
505 _aSumario: I. Introducción.— II. Brevísimas referencias sobre el caso. Decisión de la mayoría. El voto disidente.— III. Las normas en juego: art. 10 del Cód. Penal y art. 32 de la ley 24.660. Alcances.— IV. Significado simbólico de la condena impuesta. Su análisis como nueva variable para la concesión o el rechazo de la prisión domiciliaria.— V. Algunas conclusiones.
505 _aFallo comentado: CContenciosoadministrativo, Trib. y Relaciones de Consumo, Ciudad Autónoma de Buenos Aires, sala I ~ 28/04/2023 ~ Observatorio de Derecho Informático Argentino O.D.I.A. y otros c. GCBA s/ Amparo - Otros.
505 _tSi te interesa el texto completo, solicitalo a koha@justierradelfuego.gov.ar
650 0 _9343
_aDERECHO PENAL
650 0 _92741
_aDERECHOS DE LAS NIÑAS, NIÑOS Y ADOLESCENTES
650 0 _94065
_aPRISION DOMICILIARIA
650 0 _94097
_aINTERES SUPERIOR DEL NIÑO
773 0 _02658
_93164
_tRevista de derecho penal y criminología. Nº 7 - Julio 2024
_dCiudad Autónoma de Buenos Aires : Thomson Reuters La Ley, 2017-
_x00347914
942 _2udc
_cANA